MDQL
is popping MORE tags! Check the
thread
!
Quizzes
Events
Quiz Creation
Community
Videos
Private Events
Remove Ads
Sign In
Join for FREE
Feedback
Dark Mode
Quiz Categories
Sports
Geography
Music
Movies
Television
Just For Fun
Miscellaneous
History
Literature
Language
Science
Gaming
Entertainment
Religion
Holiday
For Kids
Quiz Lab
Recent
Popular Today
Quiz Kudos Today
Editor Picks
Curator Picks
Quizzes by...
Day
Popularity
Type
Ratings
Length
Year
Community
Subscriptions
Recent Discussions
Orange Saloon
Badges
Playlists
Quests
Create
Leaderboards
Showdown
Live 5
Trivia Bingo
Activity
Puzzle Library
Sporcle Events
Private Events
Virtual Trivia
Globe League
Become a Host
Pub Owners
SporcleCon
Opinionation
Our Games
Videos
Blog
Mobile Apps
Partnerships
Remove Ads and Go Orange
Feedback
Sports
Athletes
MLB
NBA
NHL
NFL
Soccer
Sports Teams
WWE
NCAA
Football
Premier League
Basketball
Baseball
Hockey
Golf
Tennis
Cricket
Rugby
Auto Racing
Olympics
World Cup
Sports
Athletes
MLB
NBA
NHL
NFL
Soccer
Sports Teams
WWE
NCAA
Football
Premier League
Basketball
Baseball
Hockey
Golf
Tennis
Cricket
Rugby
Auto Racing
Olympics
World Cup
Random Quiz
Search Sporcle
×
Quiz Lab
Quiz Lab
Sports
Premier League
Type in answers that appear in a list
Type in answers that appear in a list
Classic
Best Score? Go Orange.
English Football Trophies Stats
Can you name the Top 4 of the Premier League, FA Cup and Carling Cup of the Past 10 Years?
By
MATTZO999
8m
120 Questions
4,448 Plays
4,448 Plays
4,448 Plays
Comments
Comments
Give Quiz Kudos
Give Quiz Kudos
-
- Ratings
hide this ad
Replay
Link that replays current quiz
Next Quiz
Link to next quiz in quiz playlist
You Got
0%
They Got
Avg Score
90%
Avg Friend Score
Upgrade to see
Score Distribution
Jump to the score distribution portion of the page
Score
0/120
Timer
08:00
0
Plays Today
Season
Team
% Correct
Premier League 2012/
13
Manchester United
99.7%
Premier League 2011/
12
Manchester United
99.7%
Premier League 2010/
11
Manchester United
99.7%
FA Cup 2010/
11
Manchester United
99.7%
Premier League 2009/
10
Manchester United
99.7%
Carling Cup 2009/
10
Manchester United
99.7%
Premier League 2008/
09
Manchester United
99.7%
FA Cup 2008/
09
Manchester United
99.7%
Carling Cup 2008/
09
Manchester United
99.7%
Premier League 2007/
08
Manchester United
99.7%
Premier League 2006/
07
Manchester United
99.7%
FA Cup 2006/
07
Manchester United
99.7%
Premier League 2005/
06
Manchester United
99.7%
Carling Cup 2005/
06
Manchester United
99.7%
Premier League 2004/
05
Manchester United
99.7%
FA Cup 2004/
05
Manchester United
99.7%
Carling Cup 2004/
05
Manchester United
99.7%
Premier League 2003/
04
Manchester United
99.7%
FA Cup 2003/
04
Manchester United
99.7%
Premier League 2012/
13
Chelsea
99.4%
Premier League 2012/
13
Arsenal
99.4%
FA Cup 2012/
13
Chelsea
99.4%
Capital One Cup 2012/
13
Chelsea
99.4%
Premier League 2011/
12
Arsenal
99.4%
FA Cup 2011/
12
Chelsea
99.4%
Premier League 2010/
11
Chelsea
99.4%
Premier League 2010/
11
Arsenal
99.4%
Carling Cup 2010/
11
Arsenal
99.4%
Premier League 2009/
10
Chelsea
99.4%
Premier League 2009/
10
Arsenal
99.4%
FA Cup 2009/
10
Chelsea
99.4%
Premier League 2008/
09
Chelsea
99.4%
Premier League 2008/
09
Arsenal
99.4%
FA Cup 2008/
09
Chelsea
99.4%
FA Cup 2008/
09
Arsenal
99.4%
Premier League 2007/
08
Chelsea
99.4%
Premier League 2007/
08
Arsenal
99.4%
Carling Cup 2007/
08
Chelsea
99.4%
Carling Cup 2007/
08
Arsenal
99.4%
Premier League 2006/
07
Chelsea
99.4%
Season
Team
% Correct
Premier League 2006/
07
Arsenal
99.4%
FA Cup 2006/
07
Chelsea
99.4%
Carling Cup 2006/
07
Chelsea
99.4%
Carling Cup 2006/
07
Arsenal
99.4%
Premier League 2005/
06
Chelsea
99.4%
Premier League 2005/
06
Arsenal
99.4%
FA Cup 2005/
06
Chelsea
99.4%
Carling Cup 2005/
06
Arsenal
99.4%
Premier League 2004/
05
Chelsea
99.4%
Premier League 2004/
05
Arsenal
99.4%
FA Cup 2004/
05
Arsenal
99.4%
Carling Cup 2004/
05
Chelsea
99.4%
Premier League 2003/
04
Arsenal
99.4%
Premier League 2003/
04
Chelsea
99.4%
FA Cup 2003/
04
Arsenal
99.4%
Carling Cup 2003/
04
Arsenal
99.4%
Premier League 2012/
13
Manchester City
99.3%
FA Cup 2012/
13
Manchester City
99.3%
Premier League 2011/
12
Manchester City
99.3%
Carling Cup 2011/
12
Manchester City
99.3%
Premier League 2010/
11
Manchester City
99.3%
FA Cup 2010/
11
Manchester City
99.3%
Carling Cup 2009/
10
Manchester City
99.3%
FA Cup 2011/
12
Liverpool
98.7%
Carling Cup 2011/
12
Liverpool
98.7%
Premier League 2008/
09
Liverpool
98.7%
Premier League 2007/
08
Liverpool
98.7%
Premier League 2006/
07
Liverpool
98.7%
Premier League 2005/
06
Liverpool
98.7%
FA Cup 2005/
06
Liverpool
98.7%
Carling Cup 2004/
05
Liverpool
98.7%
Premier League 2003/
04
Liverpool
98.7%
Premier League 2011/
12
Tottenham Hotspur
97.6%
FA Cup 2011/
12
Tottenham Hotspur
97.6%
Premier League 2009/
10
Tottenham Hotspur
97.6%
FA Cup 2009/
10
Tottenham Hotspur
97.6%
Carling Cup 2008/
09
Tottenham Hotspur
97.6%
Carling Cup 2007/
08
Tottenham Hotspur
97.6%
Carling Cup 2006/
07
Tottenham Hotspur
97.6%
FA Cup 2011/
12
Everton
94.3%
Season
Team
% Correct
FA Cup 2008/
09
Everton
94.3%
Carling Cup 2007/
08
Everton
94.3%
Premier League 2004/
05
Everton
94.3%
FA Cup 2012/
13
Wigan Athletic
88.2%
Carling Cup 2005/
06
Wigan Athletic
88.2%
Capital One Cup 2012/
13
Aston Villa
86.8%
FA Cup 2009/
10
Aston Villa
86.8%
Carling Cup 2009/
10
Aston Villa
86.8%
Carling Cup 2003/
04
Aston Villa
86.8%
Carling Cup 2010/
11
West Ham United
86.7%
FA Cup 2005/
06
West Ham United
86.7%
FA Cup 2004/
05
Newcastle United
85%
FA Cup 2009/
10
Portsmouth
83.7%
FA Cup 2007/
08
Portsmouth
83.7%
Capital One Cup 2012/
13
Swansea City
83.1%
Carling Cup 2010/
11
Birmingham City
79.5%
FA Cup 2003/
04
Sunderland
79.4%
Carling Cup 2011/
12
Cardiff City
78.9%
FA Cup 2007/
08
Cardiff City
78.9%
FA Cup 2010/
11
Stoke City
75.7%
Carling Cup 2009/
10
Blackburn Rovers
71.6%
FA Cup 2006/
07
Blackburn Rovers
71.6%
Carling Cup 2005/
06
Blackburn Rovers
71.6%
FA Cup 2004/
05
Blackburn Rovers
71.6%
FA Cup 2010/
11
Bolton Wanderers
69.8%
Carling Cup 2003/
04
Bolton Wanderers
69.8%
FA Cup 2005/
06
Middlesbrough
68.6%
Carling Cup 2003/
04
Middlesbrough
68.6%
FA Cup 2007/
08
West Bromwich Albion
68.5%
Capital One Cup 2012/
13
Bradford City
63%
FA Cup 2012/
13
Millwall
62.3%
FA Cup 2003/
04
Millwall
62.3%
Carling Cup 2011/
12
Crystal Palace
56.5%
FA Cup 2006/
07
Watford
55.6%
Carling Cup 2004/
05
Watford
55.6%
Carling Cup 2008/
09
Derby County
55.2%
Carling Cup 2008/
09
Burnley
52.5%
Carling Cup 2010/
11
Ipswich Town
52.2%
FA Cup 2007/
08
Barnsley
39.7%
Carling Cup 2006/
07
Wycombe Wanderers
17.2%
Quiz Playlist
Details
Report
Send in Message
Add To Playlist
Classic:
Type in answers that appear in a list
Last Updated: Feb 16, 2017
Quiz Scoreboard
CHALLENGE
Sign Up to Join the Scoreboard
Show All
Scores
Hide
Comments
May contain spoilers
Recently Published
Image Sorting: Flags VI
by Barbecue
Geography
2m
Find the 'City' Movie
by crazypaving
Movies
60s
Colored Red Africa Blitz
by spor1
Geography
45s
More to Explore
Quiz From the Vault
Featured Blog Post
14 Easter Pick-up Lines to Find Eggs With
hide this ad
You Might Also Like...
Tags
Premier League Quiz
Soccer Quiz
FA Cup
Football Award
Football Champions
Football Championships
Football Clubs
Football League
Sporting Events
Sports Championships
Sports ESPN
Today's Top Quizzes in Sports
Browse Sports
hide this ad
Today's Top Quizzes in Premier League
Browse Premier League
Top Contributed Quizzes in Sports
1
Les meilleurs buteurs des matchs entre le PSG et l’OM
2
Les entraîneurs de l'OM et du PSG au 21e siècle
3
Les joueurs passés par le PSG et l'OM
4
2022 World Cup Stars
5
Players with Multiple 50 Home Run Seasons
6
Criteria MLB: Left Handed Sluggers
7
MLB Players with Two .350 Batting Average Seasons
8
Les joueurs passés par le LOSC et le RC Lens
9
NBA Logic Puzzle 2.0
10
Top 10 NHL Goal Scorers of All Time
Explore More
Trending Topics
Crossword
Kpop
Anime
Harry Potter
Marvel
NBA
Disney
Pokémon
Puzzle
Country
Soccer
WWE
NFL
The Office
Song
hide this ad
More By:
MATTZO999
Quiz
Plays
Rating
Category
Featured
Created
Eastenders linkup
15,474
2.83
Television
Jul 22, 2013
English Football Trophies
4,448
4.54
Sports
Aug 6, 2013
Remaining Eastenders Characters
1,253
5.00
Television
Sep 2, 2013
Modern Family Relations
785
3.67
Television
Sep 19, 2013
Premier League Top Players/Clubs
582
3.83
Sports
Jul 24, 2013
Go to Creator's Profile
Score Distribution
Quiz Creator Spotlight
MATTZO999
Follow
Send a Message
Quizzes Created
-
Created Quiz Play Count
-
More By This Creator
Popular Quizzes Today
1
Colored Red Africa Blitz
2
Find the US States - No Outlines Minefield
3
Find the 'City' Movie
4
5x2 Blitz: Bands
5
The Countries of the World
6
Find the US States
7
Find the Countries of Europe - No Outlines Minefield
8
US States
More Sports Quizzes
First XI: Domenech - France
Quiz Lab
Trending Quizzes
Colored Red Europe Blitz I
Colored Red Europe Blitz II
Colored Red Africa Blitz II
Colored Red Europe Blitz III
Colored Red Africa Blitz III
Recently Updated
How Do You Spell That?
pecheneg
Godzilla Movies
pecheneg
Grab Bag: 4-10 Letters
pecheneg
2024 March Madness Bracket
pecheneg
Famous TV Couples
Peacemaker
Champions League XIs: Real Madrid
pecheneg
Largest US Cities 1790-2010
pecheneg
Rides in Walt Disney World
pecheneg
Most Oscar Losses (Acting)
pecheneg
Beyoncé Albums
pecheneg
Trending Topics
Anime
Kpop
Harry Potter
NBA
Marvel
Disney
Crossword
The Office
Puzzle
Country
Pokémon
Song
NFL
Soccer
WWE
Your Account Isn't Verified!
In order to create a playlist on Sporcle, you need to verify the email address you used during registration. Go to your
Sporcle Settings
to finish the process.
Report this User
Report this user for behavior that violates our
Community Guidelines
.
Details:
Send Report
Go to the Sporcle.com Mobile Site →
Comments